| 000 | 00429nab a2200145Ia 4500 | ||
|---|---|---|---|
| 003 | ES-SlBCS | ||
| 005 | 20210601125238.0 | ||
| 008 | 140529s1977 xxu||||| |||| 00| 0 eng d | ||
| 041 | _aeng | ||
| 100 | 1 |
_aCooper, W. E. _9152140 |
|
| 245 | 0 | 4 |
_aThe Perfectly Just Society _c W. E. Cooper |
| 650 | 0 | 4 |
_aSociedad Justa _9155915 |
| 773 | 0 |
_tPhilosophy and Phenomenological Research _gvol. 38, 1977, págs. 46-55 _wRev1411 |
|
| 942 | _cAR | ||
| 999 |
_c527163 _d527163 |
||